Statistics for Fallout 4 Companions

Click here to take the quiz!

General Stats

  • This quiz has been taken 78 times
  • The average score is 12 of 13

Answer Stats

HintAnswer% Correct
Your personal robot butlerCodsworth
97%
A Paladin of the BoSPaladin Danse
97%
Synth detectiveNick Valentine
96%
Writes newspapers in Diamond CityPiper Wright
96%
Irish woman at the Combat ZoneCait
94%
German SheppardDogmeat
93%
Super MutantStrong
93%
A Miss Nanny in Vault 81Curie
91%
Another settlement needs your helpPreston Garvey
91%
A high ranked member of the RailroadDeacon
88%
The mayor of GoodneighborJohn Hancock
88%
Mercenary in the VIP room of the Third RailRobert Joseph MacCready
76%
Intitute Synth CourserX6-88
76%

Score Distribution

Percentile by Number Answered

Percent of People with Each Score

Your Score History

You have not taken this quiz